| 000 | 01668nam0a2200397 4500 | ||
|---|---|---|---|
| 001 | RU\NLR\BIBL_A\022691633 | ||
| 005 | 20260303163157.0 | ||
| 010 |
_a978-5-04-218805-3 _92000 |
||
| 021 |
_aRU _bКН-П-25-068034 _9КН-П-25-6584 |
||
| 035 | _a(NLR Aleph) 022691633 | ||
| 090 |
_a13556113 _c13556113 |
||
| 100 | _a20251219d2025 u y0rusy50 ca | ||
| 101 | 0 | _arus | |
| 102 | _aRU | ||
| 105 | _ay z 010ay | ||
| 181 | 0 |
_ai _baxxe |
|
| 182 | 0 | _an | |
| 200 | 1 |
_aЕвгений Онегин в стихах _eсочинение Александра Пушкина _eблэкаут _eинтерпретация классического текста к 200-летию первой публикации _fСиний Карандаш |
|
| 203 |
_aТекст _bвизуальный _cнепосредственный |
||
| 210 |
_aМосква _cЭксмо, Individuum _d2025 |
||
| 215 |
_a510, [1] с. _d19 |
||
| 300 | _aНад вых. дан. загл.: Евгений Онегин. Блэкаут | ||
| 333 | _a18+ | ||
| 500 | 1 | 0 |
_6z77702 _aЕвгений Онегин _92631673 _3RU\NLR\AUTH\559671 |
| 517 | 1 | _aЕвгений Онегин. Блэкаут | |
| 686 | 2 | _aШ6(2=Р)8-51 | |
| 686 | 2 | _aШ6(2=Р)51-5Пушкин | |
| 700 | 0 |
_7ca _8rus _aСиний Карандаш _cпсевдоним _92698871 _3RU\NLR\AUTH\770290475 |
|
| 702 | 1 |
_6z77500 _7ca _8rus _aПушкин _bА. С. _cпоэт _f1799-1837 _gАлександр Сергеевич _9110441 _3RU\NLR\AUTH\77386 |
|
| 942 | _cBOOK | ||
| 980 | _aNB | ||